000 00426nam a2200169 a 4500
001 0000-8959
003 ELIB.Books
008 110520 1994
035 _a(ELIB.Books)0000-9108
082 _a253.78
_bFre
100 _aFreed, Paul E.
245 _aTower to Eternity
260 _bNew Jersey: Trans World Radio
_c1994
650 _aPastoral Theology
942 _2ddc
_cBK
998 _cbat
_e2011-05-20
999 _c8959
_d8959